01208nam a2200265 u 45000010006000000050017000060080041000230200018000640350010000820350021000920400013001130410008001260820008001341000035001422450042001772500017002192600037002363000024002735050487002976500032007846500027008166500036008436500035008796500028009146357220260504071954.0960313s1989 eng  a9780471500230 a63572 a(OCoLC)778186045 ccomduadb aeng 4a51910aAtkinson, Kendall E.4auteaut13aAn introduction to numerical analysis a2. edición aNueva York :bJohn Wiley,c1989. axvi, 693 páginas. aCONTENIDO : Error: sus fuentes, propagación y análisis. -- Búsqueda de raíces para ecuaciones no lineales. -- Teoría de la interpolación. -- Aproximación de funciones. -- Integración numérica. -- Métodos numéricos para ecuaciones diferenciales ordinarias. -- Álgebra lineal. -- Solución numérica de sistemas de ecuaciones lineales. -- El problema de los valores propios de la matriz. -- Apéndice. -- Respuestas a problemas seleccionados. -- Índice. . 7aAnálisis numérico2lemb aEcuaciones no lineales aInterpolación (Matemáticas) 7aIntegración numérica2lemb 7aÁlgebra lineal2embne